Datum a čas kvízu
28.5
Celkem bodů
Celkový počet nahraných bodů na tomto kvízu bez doplňovacích otázek.
4.
Pořadí na kvízu
Konečné umístění týmu na tomto kvízu.
Zaznamenané odpovědi
| # | Otázka | Odpověď | Body | Výsledky |
|---|---|---|---|---|
| 1. | Dnešní narozeninové vědomostní... | Jiří Rusnok | 1 | |
| 2. | Které dvě české sportovkyně zí... | Eva Samková, Martina Sáblíková | 1 | |
| 3. | Ve které evropské metropoli by... | v Paříži | 0 | |
| 4. | V roce 2016 měl premiéru jeden... | Deadpool | 1 | |
| 5. | Dne 27. září 2017 zemřel muž,... | Hugh Hefner | 0 | |
| 6. | Která kapela získala v březnu... | C | 0 | |
| 7. | Napište název města, ve kterém... | Kladruby nad Labem | 1 | |
| 8. | V březnu 2020 dorazil do Česka... | A | 1 | |
| 9. | V den osmých narozenin kvízu,... | Barbora Krejčíková | 1 | |
| 10. | Seřaďte události loňského roku... | 1C 2D 3A 4B | 1 |